• 首页
  • 本馆介绍
  • 公告通知
  • 最新文献
  • 馆藏检索
  • 电子资源
  • 读者导购
  • 参考咨询
  • 我的图书馆
  • 登录
  • 详细信息显示
  • 放入我的书架
  • 预约/预借图书
  • 作者相关作品
  • 分类相关作品
  • 丛书相关作品
  • 出版社相关作品

书目信息

  • 表格格式
  • 工作单格式
  • 卡片格式
题名:
纳税模拟
    
 
作者: 杨博 主编
分册:  
出版信息: 北京   中国人民大学出版社  2004
页数: 468页
开本: 23cm
丛书名:
单 册:
中图分类: F812.423
科图分类:
主题词: 税收管理--中国--教材 , 税收管理
电子资源:
ISBN: 7-300-05869-8
000 00880nam0 2200265 450
000 00895nam0 2200265 450
000 00824nam0 2200241 450
000 00788oam2 2200229 45
005 20070725130938.79
010    @a7-300-05869-8@dCNY29.00
100    @a20070627d2004 em y0chiy0120 ea
101 0  @achi
102    @aCN@b110000
105    @ay z 000yy
200 1  @a纳税模拟@ANa Shui Mo Ni@f杨博主编@FYang Bo Zhu Bian
210    @a北京@c中国人民大学出版社@d2004
215    @a468页@d23cm
300    @a纳税实务系列教材@f苏春林总主编
330    @a本书融税收理论、税收实务、税收会计、政策法规于一体,对各个税种进行详尽的纳税实务操作练习,并以模拟企业纳税全过程的形式作介绍。
606 0  @a税收管理@y中国@j教材
606 0  @a税收管理
690    @aF812.423@v4
701  0 @a杨博@AYang Bo@c(税收管理)@4主编
801  0 @aCN@bTAOJIN@c20070725
905    @a10447@dF812.423@e46
    
    纳税模拟/杨博主编.-北京:中国人民大学出版社,2004
    468页;23cm
    纳税实务系列教材
    
    ISBN 7-300-05869-8:CNY29.00
    本书融税收理论、税收实务、税收会计、政策法规于一体,对各个税种进行详尽的纳税实务操作练习,并以模拟企业纳税全过程的形式作介绍。
●
相关链接 在E读中查询图书 在五车中查询图书 在当当中查询图书 在豆瓣中查询图书


正题名:纳税模拟     索取号:F812.423/46         预约/预借

序号 登录号 条形码 馆藏地/架位号 状态 备注
1 0825255   208252558   第一样本阅览室/ [索取号:F812.423/46] 在馆    
2 0825256   208252567   第一借阅区/ [索取号:F812.423/46] 在馆    
3 0825257   208252576   第一借阅区/ [索取号:F812.423/46] 在馆    
4 0825258   208252585   第一借阅区/ [索取号:F812.423/46] 在馆    
5 0825259   208252594   第一借阅区/ [索取号:F812.423/46] 在馆    
6 0825260   208252601   第一借阅区/ [索取号:F812.423/46] 在馆    
7 0825261   208252610   第一借阅区/ [索取号:F812.423/46] 在馆    
8 0825262   208252629   第一借阅区/ [索取号:F812.423/46] 在馆    
唐山师范学院图书馆 欢迎您!
大连网信软件有限公司© 版权所有